El Flautista de Hamelín / (Registro nro. 14767)
[ vista simple ]
| 000 -LIDER | |
|---|---|
| fixed length control field | 00791nam a22002417a 4500 |
| 003 - IDENTIFICACDOR DE NÚMERO DE CONTROL | |
| control field | DO-SdBNP |
| 005 - DATE AND TIME OF LATEST TRANSACTION | |
| control field | 20240807085606.0 |
| 008 - ELEMENTOS DE LONGITUD FIJA | |
| fixed length control field | 161027b2005 sp 00| 0 spa d |
| 020 ## - ISBN | |
| International Standard Book Number | 8496412636 |
| 040 ## - FUENTE DE CATALOGACIÓN | |
| Agencia que crea de manera original el registro | BPMSU |
| Idioma de catalogación | spa |
| Agencia que realiza la transcripción | BPMSU |
| 082 #4 - NÚMERO DE CLASIFICACIÓN DECIMAL DE DEWEY | |
| Classification number | 863.3 |
| Item number | L864f 2005 |
| Edition number | 22 |
| 100 1# - ASIENTO PRINCIPAL -- NOMBRE PERSONAL | |
| Nombre personal | López, Emilio |
| Títulos u otras palabras asociadas con el nombre | |
| 245 13 - MENCIÓN DE TITULO | |
| Título | El Flautista de Hamelín / |
| Mención de responsabilidad | Anónimo; coordinación y adaptación Emilio López; iIlustraciones Sergio Kern |
| 260 ## - PUBLICACIÓN, DISTRIBUCIÓN, ETC. (PIE DE IMPRENTA) | |
| Lugar de publicación, distribución, etc | Barcelona : |
| Nombre del editor, distribuidor, etc. | Editorial Sol 90 , |
| Fecha de publicación, distribución, etc | 2005 |
| 300 ## - DESCRIPCIÓN FÍSICA | |
| Extensión | 43 p. : |
| Otros detalles físicos | il. ; |
| Dimensiones | 21 cm |
| 490 0# - MENCIÓN DE SERIES | |
| Mención de serie | Cuentos infantiles, |
| Volume/sequential designation | 9 |
| 590 ## - NOTA LOCAL | |
| Texto de la nota local | Inventariado, 2024/VM |
| 650 #4 - ENCABEZAMIENTO DE MATERIA--TEMÁTICO | |
| Término temático o nombre geográfico como elemento de entrada | Cuentos infantiles españoles |
| 650 #4 - ENCABEZAMIENTO DE MATERIA--TEMÁTICO | |
| Término temático o nombre geográfico como elemento de entrada | Literatura infantil española |
| 700 1# - ASIENTO SECUNDARIO -- NOMBRE PERSONAL | |
| Nombre personal | Kern, Sergio |
| Mención de responsabilidad | ilustración |
| 910 ## - VALIDACIÓN | |
| Validación | Validado. Control de calidad MFF |
| 942 ## - ADDED ENTRY ELEMENTS (KOHA) | |
| Source of classification or shelving scheme | Dewey Decimal Classification |
| Koha item type | Libros |
| Withdrawn status | Lost status | Source of classification or shelving scheme | Damaged status | Not for loan | Collection code | Home library | Current library | Date acquired | Source of acquisition | Total Checkouts | Full call number | Barcode | Date last seen | Price effective from | Koha item type |
|---|---|---|---|---|---|---|---|---|---|---|---|---|---|---|---|
| Dewey Decimal Classification | Colección Infantil General | Biblioteca Pública Metropolitana Salomé Ureña | Biblioteca Pública Metropolitana Salomé Ureña | 08/07/2024 | FUNDI | BPMSU CGI 863.3 L864f 2005 | BPMSU24080042 | 08/07/2024 | 08/07/2024 | Libros |